| 000 | 01086nam a2200265Ia 4500 | ||
|---|---|---|---|
| 003 | GCL | ||
| 008 | 140319s9999 xx 000 0 ara d | ||
| 020 | _a4200322977 | ||
| 040 |
_aGCL / _cGCL |
||
| 082 | 0 | 4 |
_a936.6 _bم د |
| 100 | 1 | _aمحمد محمود النشار | |
| 245 | 1 | 0 |
_aدراسات فى تاريخ اسبانيا والبرتغال فى العصور الوسطى / _cمحمد محمود النشار |
| 250 | _aالاولى | ||
| 260 |
_aالقاهرة : _bعين للدراسات والبحوث الانسانية والاجتماعية ، _c2007 |
||
| 300 |
_a219 ص ؛ _c24 سم |
||
| 650 | 0 | 4 | _aالحروب الصليبية |
| 650 | 0 | 4 | _aالفتوحات الاسلامية |
| 650 | 0 | 4 | _aفتح الاندلس |
| 650 | 0 | 4 | _aالعصور الوسطى - تاريخ |
| 650 | 0 | 4 | _aالاندلس - تاريخ |
| 650 | 0 | 4 | _aالبرتغال - تاريخ - العصور الوسطى |
| 650 | 0 | 4 | _aاسبانيا - تاريخ - العصور الوسطى |
| 650 | 0 | 4 | _aشبه جزيرة ايبريا - تاريخ - العصور الوسطى |
| 942 |
_2ddc _cBK |
||
| 999 |
_c9690 _d9690 |
||